| 000 | 00000nam##2200000za#4500 |
| 001 | 9.640878 |
| 003 | CaOODSP |
| 005 | 20230201095211 |
| 007 | cr ||||||||||| |
| 008 | 150407|2007||||xxc|||||o f|0| 0 fre|d |
| 040 | |aCaOODSP|bfre |
| 043 | |an-cn--- |
| 086 | 1 |aPS64-94/2007F-PDF |
| 110 | 2 |aGendarmerie royale du Canada. |
| 245 | 10|aÉvaluation de la menace - fraude en marketing de masse : |h[ressource électronique]|bla perspective canadienne |
| 260 | |aOttawa - Ontario : |bGendarmerie royale du Canada |cNovembre 2007. |
| 300 | |a54p.|bfigures, tableaux |
| 590 | |a12-40-Supp|b2012-10-23 |
| 691 | 07|aFraude|2gcpds |
| 775 | 08|tThreat assessment - mass-marketing fraud : |w(CaOODSP)9.696770 |
| 856 | 40|ahttp://publications.gc.ca|qPDF|s2.20 Mo|uhttps://publications.gc.ca/collections/collection_2012/grc-rcmp/PS64-94-2007-fra.pdf |